Taking the high road: does public service motivation alter ethical decision making processes? (Record no. 109646)

000 -LEADER
fixed length control field 01566pab a2200181 454500
008 - FIXED-LENGTH DATA ELEMENTS--GENERAL INFORMATION
fixed length control field 180718b2015 xxu||||| |||| 00| 0 eng d
100 ## - MAIN ENTRY--PERSONAL NAME
Personal name Stazyk, Edmund C.
245 ## - TITLE STATEMENT
Title Taking the high road: does public service motivation alter ethical decision making processes?
260 ## - PUBLICATION, DISTRIBUTION, ETC.
Date of publication, distribution, etc. 2015
300 ## - PHYSICAL DESCRIPTION
Extent p.627-645.
520 ## - SUMMARY, ETC.
Summary, etc. Although public administration scholars have long been interested in promoting administrative ethics, recent lapses in judgment by government employees make the study of ethics even more pressing. Yet, we know relatively little about how public values and publicly oriented motives influence the ethical obligations employees reference when confronting organizational problems. We employ Perry's (2000) process model of public service motivation to connect public values, public service motivation, and employees' understanding of their ethical obligations. Using data collected from over 1,400 managers in United States municipal governments, we present findings that suggest that public service motivation appears to be positively correlated with ethical obligations rooted in virtue and integrity, or high road ethics, for less professionalized employees. Further, broader constellations of public values encourage increased application of high road ethics for the same employees, but only to the extent that they foster public service motivation. - Reproduced.
650 ## - SUBJECT ADDED ENTRY--TOPICAL TERM
Topical term or geographic name entry element Decision making
650 ## - SUBJECT ADDED ENTRY--TOPICAL TERM
Topical term or geographic name entry element Motivation
650 ## - SUBJECT ADDED ENTRY--TOPICAL TERM
Topical term or geographic name entry element Civil service
700 ## - ADDED ENTRY--PERSONAL NAME
Personal name Davis, Randall S.
773 ## - HOST ITEM ENTRY
Main entry heading Public Administration
909 ## -
-- 109651
Holdings
Withdrawn status Lost status Damaged status Not for loan Permanent Location Current Location Date acquired Serial Enumeration / chronology Barcode Date last seen Price effective from Koha item type
        Indian Institute of Public Administration Indian Institute of Public Administration 2018-07-19 Volume no: 93, Issue no: 3 AR110111 2018-07-19 2018-07-19 Articles

Powered by Koha